01294cam a2200301 a 4500020001500000020001500015040000800030082002600038245011700064260015500181300002000336500002700356500001900383520013900402650002500541650001000566650003200576650002400608650001800632700002000650700002100670700002000691710004200711710006200753942001000815999001700825952015000842 a9280725971 a9291150932 cDLC aUNE BIK 2005 C279 Or.00aWomen, energy and water in the Himalayas :bintegration of women in planning and management, policy guidelines / aNairobi, Kenya :bUnited Nations Environment Programme (UNEP) ;aKathmandu, Nepal :bInternational Centre for Integrated Mountain Development,cc2005. a64 p. ;c25 cm. a"Job no. DEP/0696/NA." a"Sida"--Cover. aOutcome of a project implemented by International Centre for Integrated Mountain Development and United Nations Environment Programme. 0aWomen in development 0aWomen 0aWater resources development 0aEnergy conservation 0aEnergy policy1 aSharma, Bikash.1 aBanskota, Kamal.1 aLuitel, Samira.2 aUnited Nations Environment Programme.2 aInternational Centre for Integrated Mountain Development. cAEDBB c21298d21298 0010406UNE_BIK_2005_000000000000000_C279_OR70993239aLBCbLBCcC279d2023-05-02oUNE BIK 2005 C279 Or.pa38829r2023-05-02w2023-05-02yAEDBB